000 00940cam a2200193 i 4500
999 _c4149
_d4149
020 _a9780414037397
020 _a0414037391
050 0 0 _aKD1554
_b.T7
100 1 _aPeel, Edwin,
245 1 4 _aThe law of contract /
_cEdwin Peel.
250 _aFourteenth edition.
260 _aLondon :
_bSweet et Maxwell,
_c2015
300 _accxxxii, 1388 pages ;
_c24 cm
500 _aPrevious edition: 2011. Includes index Table of cases
505 _aIntroduction Agreement Consideration Contractual intention Form The Content of contract Exemption clauses and unfair terms Mistake Misrepresentation Duress, undue influence and unconscionable bargains Illegality Capacity Plurality of parties Third parties Assignment Agency Performance and breach Termination for breach Frustration Damages Specific remedies Restitution Consumer rights Act 2015
650 0 _aContracts
700 1 _aTreitel, G. H.
942 _cBK